[Event "Rapid 2018"]
[Site "Saint-Petersburg"]
[Date "2018.12.28"]
[Round "14"]
[Board "20"]
[White "Fridman Daniel (GER)"]
[Black "Antipov Mikhail Al. (RUS)"]
[Result "1-0"]
[LiveChessVersion "1.4.8"]
[BlackElo "2628"]
[WhiteElo "2677"]

1. Nf3 {[%clk 0:15:17]} Nf6 {[%clk 0:15:19]} 2. c4 {[%clk 0:15:26]} c6
{[%clk 0:15:28]} 3. d4 {[%clk 0:15:31]} d5 {[%clk 0:15:37]} 4. g3
{[%clk 0:15:39]} Bf5 {[%clk 0:15:42]} 5. Nc3 {[%clk 0:15:28]} e6 {[%clk 0:15:51]}
6. Nh4 {[%clk 0:15:35]} Bg4 {[%clk 0:15:59]} 7. Qb3 {[%clk 0:15:31]} Qb6
{[%clk 0:16:08]} 8. c5 {[%clk 0:15:34]} Qc7 {[%clk 0:16:15]} 9. Bf4
{[%clk 0:15:35]} Qc8 {[%clk 0:16:23]} 10. h3 {[%clk 0:14:12]} Bh5
{[%clk 0:16:32]} 11. g4 {[%clk 0:14:20]} Bg6 {[%clk 0:16:41]} 12. Nxg6
{[%clk 0:14:27]} hxg6 {[%clk 0:16:50]} 13. Bg2 {[%clk 0:14:35]} Nbd7
{[%clk 0:16:30]} 14. Bg3 {[%clk 0:14:32]} Be7 {[%clk 0:15:17]} 15. e3
{[%clk 0:14:32]} Kf8 {[%clk 0:13:21]} 16. Qc2 {[%clk 0:14:13]} Ne8
{[%clk 0:11:56]} 17. O-O {[%clk 0:14:02]} Bh4 {[%clk 0:10:34]} 18. Bh2
{[%clk 0:14:04]} Kg8 {[%clk 0:10:35]} 19. b4 {[%clk 0:14:06]} Bd8
{[%clk 0:09:27]} 20. b5 {[%clk 0:13:54]} Bc7 {[%clk 0:09:32]} 21. Bxc7
{[%clk 0:13:40]} Qxc7 {[%clk 0:08:21]} 22. Rab1 {[%clk 0:13:02]} Nf8
{[%clk 0:05:23]} 23. bxc6 {[%clk 0:12:11]} bxc6 {[%clk 0:05:31]} 24. Rb2
{[%clk 0:09:33]} e5 {[%clk 0:04:53]} 25. Rfb1 {[%clk 0:08:25]} exd4
{[%clk 0:05:01]} 26. exd4 {[%clk 0:08:33]} Ne6 {[%clk 0:05:01]} 27. Ne2
{[%clk 0:08:40]} g5 {[%clk 0:04:46]} 28. Rb7 {[%clk 0:08:12]} Qc8
{[%clk 0:04:17]} 29. Qf5 {[%clk 0:07:47]} N8c7 {[%clk 0:04:09]} 30. Qe5
{[%clk 0:07:35]} Nb5 {[%clk 0:00:29]} 31. R1xb5 {[%clk 0:06:12]} cxb5
{[%clk 0:00:38]} 32. Bxd5 {[%clk 0:06:20]} Rh6 {[%clk 0:00:47]} 33. Ng3
{[%clk 0:06:10]} Qf8 {[%clk 0:00:25]} 34. Nf5 {[%clk 0:04:12]} Rf6
{[%clk 0:00:34]} 35. Nd6 {[%clk 0:04:14]} Kh8 {[%clk 0:00:37]} 36. Rxf7
{[%clk 0:02:33]} Rxf7 {[%clk 0:00:46]} 37. Nxf7+ {[%clk 0:02:41]} Qxf7
{[%clk 0:00:55]} 38. Bxe6 {[%clk 0:02:06]} Qe7 {[%clk 0:01:00]} 39. c6
{[%clk 0:02:12]} Re8 {[%clk 0:00:15]} 40. c7 {[%clk 0:02:13]} Qa3
{[%clk 0:00:24]} 41. Qc5 {[%clk 0:01:54]} 1-0

[Event "Rapid 2018"]
[Site "Saint-Petersburg"]
[Date "2018.12.28"]
[Round "14"]
[Board "22"]
[White "Amin Bassem (EGY)"]
[Black "Le Quang Liem (VIE)"]
[Result "0-1"]
[LiveChessVersion "1.4.8"]
[BlackElo "2752"]
[WhiteElo "2630"]

1. e4 {[%clk 0:15:16]} c5 {[%clk 0:15:19]} 2. Nf3 {[%clk 0:15:24]} Nc6
{[%clk 0:15:27]} 3. Bb5 {[%clk 0:15:23]} g6 {[%clk 0:15:35]} 4. Bxc6
{[%clk 0:15:31]} dxc6 {[%clk 0:15:43]} 5. d3 {[%clk 0:15:39]} Bg7
{[%clk 0:15:52]} 6. h3 {[%clk 0:15:48]} Nf6 {[%clk 0:15:56]} 7. Nc3
{[%clk 0:15:56]} Nd7 {[%clk 0:15:20]} 8. Be3 {[%clk 0:16:03]} e5 {[%clk 0:15:21]}
9. Qd2 {[%clk 0:16:11]} h6 {[%clk 0:15:21]} 10. O-O {[%clk 0:16:17]} Qe7
{[%clk 0:15:19]} 11. Nh2 {[%clk 0:16:24]} Nf8 {[%clk 0:15:24]} 12. f4
{[%clk 0:16:32]} exf4 {[%clk 0:15:31]} 13. Bxf4 {[%clk 0:16:40]} Be6
{[%clk 0:15:17]} 14. Rae1 {[%clk 0:16:30]} g5 {[%clk 0:15:10]} 15. Bg3
{[%clk 0:16:34]} Ng6 {[%clk 0:15:00]} 16. Nd5 {[%clk 0:13:14]} cxd5
{[%clk 0:15:03]} 17. exd5 {[%clk 0:13:22]} O-O {[%clk 0:14:55]} 18. Nf3
{[%clk 0:13:04]} Rad8 {[%clk 0:11:50]} 19. dxe6 {[%clk 0:13:08]} f5
{[%clk 0:11:59]} 20. c3 {[%clk 0:11:26]} Rf6 {[%clk 0:11:38]} 21. Qc2
{[%clk 0:11:19]} Rxe6 {[%clk 0:10:04]} 22. Qb3 {[%clk 0:11:21]} Nf8
{[%clk 0:10:09]} 23. Rxe6 {[%clk 0:11:09]} Qxe6 {[%clk 0:10:15]} 24. Qxb7
{[%clk 0:11:11]} Rxd3 {[%clk 0:10:08]} 25. Qxa7 {[%clk 0:06:47]} g4
{[%clk 0:09:40]} 26. Re1 {[%clk 0:06:54]} Qd5 {[%clk 0:08:00]} 27. Be5
{[%clk 0:03:52]} Bxe5 {[%clk 0:08:04]} 28. Rxe5 {[%clk 0:03:06]} Rd1+
{[%clk 0:08:08]} 29. Kf2 {[%clk 0:01:54]} Qd3 {[%clk 0:07:19]} 30. hxg4
{[%clk 0:01:21]} fxg4 {[%clk 0:06:52]} 31. Ne1 {[%clk 0:01:24]} g3+
{[%clk 0:06:44]} 32. Kg1 {[%clk 0:01:27]} Qd2 {[%clk 0:06:44]} 0-1

[Event "Rapid 2018"]
[Site "Saint-Petersburg"]
[Date "2018.12.28"]
[Round "14"]
[Board "23"]
[White "Sakaev Konstantin (RUS)"]
[Black "Mamedov Rauf (AZE)"]
[Result "1-0"]
[LiveChessVersion "1.4.8"]
[BlackElo "2739"]
[WhiteElo "2621"]

1. d4 {[%clk 0:15:18]} d6 {[%clk 0:15:19]} 2. Nf3 {[%clk 0:15:11]} Nf6
{[%clk 0:15:27]} 3. c4 {[%clk 0:15:18]} g6 {[%clk 0:15:35]} 4. Nc3
{[%clk 0:15:26]} Bf5 {[%clk 0:15:44]} 5. e3 {[%clk 0:15:10]} Bg7 {[%clk 0:15:52]}
6. Bd3 {[%clk 0:15:12]} Bxd3 {[%clk 0:15:59]} 7. Qxd3 {[%clk 0:15:20]} O-O
{[%clk 0:16:07]} 8. O-O {[%clk 0:15:27]} c5 {[%clk 0:16:15]} 9. d5
{[%clk 0:15:20]} Nbd7 {[%clk 0:16:17]} 10. h3 {[%clk 0:15:10]} Re8
{[%clk 0:16:18]} 11. e4 {[%clk 0:15:14]} e5 {[%clk 0:15:30]} 12. dxe6
{[%clk 0:14:20]} Rxe6 {[%clk 0:15:39]} 13. Bf4 {[%clk 0:14:13]} Nh5
{[%clk 0:14:49]} 14. Bh2 {[%clk 0:13:35]} Bxc3 {[%clk 0:14:10]} 15. Qxc3
{[%clk 0:12:46]} Qf6 {[%clk 0:12:48]} 16. Qxf6 {[%clk 0:11:06]} Nhxf6
{[%clk 0:12:57]} 17. Ng5 {[%clk 0:10:50]} Ree8 {[%clk 0:13:05]} 18. Bxd6
{[%clk 0:09:16]} h6 {[%clk 0:13:08]} 19. Nf3 {[%clk 0:09:24]} Nxe4
{[%clk 0:13:14]} 20. Bf4 {[%clk 0:08:04]} g5 {[%clk 0:13:17]} 21. Be3
{[%clk 0:07:10]} f5 {[%clk 0:13:25]} 22. Rfe1 {[%clk 0:07:03]} f4
{[%clk 0:13:08]} 23. Bd2 {[%clk 0:07:11]} a6 {[%clk 0:09:02]} 24. Rad1
{[%clk 0:06:45]} Ndf6 {[%clk 0:08:25]} 25. b3 {[%clk 0:04:34]} b5
{[%clk 0:08:28]} 26. Ba5 {[%clk 0:04:08]} b4 {[%clk 0:08:06]} 27. a3
{[%clk 0:04:00]} bxa3 {[%clk 0:07:45]} 28. Ra1 {[%clk 0:04:09]} h5
{[%clk 0:07:00]} 29. Rxa3 {[%clk 0:03:32]} g4 {[%clk 0:07:09]} 30. hxg4
{[%clk 0:03:39]} hxg4 {[%clk 0:07:17]} 31. Nd2 {[%clk 0:03:21]} Ng5
{[%clk 0:05:41]} 32. Raa1 {[%clk 0:03:14]} Kf7 {[%clk 0:05:43]} 33. Bc7
{[%clk 0:03:10]} f3 {[%clk 0:04:48]} 34. Bf4 {[%clk 0:03:02]} Ne6
{[%clk 0:04:54]} 35. Be3 {[%clk 0:03:11]} fxg2 {[%clk 0:03:48]} 36. Kxg2
{[%clk 0:03:16]} Red8 {[%clk 0:03:47]} 37. Ra3 {[%clk 0:02:03]} Rd3
{[%clk 0:03:33]} 38. Rea1 {[%clk 0:02:03]} Rad8 {[%clk 0:03:25]} 39. Nf1
{[%clk 0:02:07]} Nh5 {[%clk 0:03:16]} 40. Rxa6 {[%clk 0:01:41]} Rxb3
{[%clk 0:02:59]} 41. Ra7+ {[%clk 0:01:45]} Kf6 {[%clk 0:02:50]} 42. R1a6
{[%clk 0:01:35]} Rd1 {[%clk 0:02:30]} 43. Rh7 {[%clk 0:01:24]} Nhg7
{[%clk 0:02:10]} 44. Rxg7 {[%clk 0:00:55]} Kxg7 {[%clk 0:02:08]} 45. Rxe6
{[%clk 0:01:03]} Rbb1 {[%clk 0:02:18]} 46. Ng3 {[%clk 0:01:08]} Rb4
{[%clk 0:02:17]} 47. Re4 {[%clk 0:01:05]} Ra4 {[%clk 0:02:22]} 48. Rxg4+
{[%clk 0:01:10]} Kf6 {[%clk 0:02:29]} 49. Ne4+ {[%clk 0:01:07]} Kf5
{[%clk 0:02:30]} 50. Rf4+ {[%clk 0:01:16]} Ke5 {[%clk 0:02:39]} 51. Nc3
{[%clk 0:01:24]} 1-0

[Event "Rapid 2018"]
[Site "Saint-Petersburg"]
[Date "2018.12.28"]
[Round "14"]
[Board "24"]
[White "Inarkiev Ernesto (RUS)"]
[Black "Tomashevsky Evgeny (RUS)"]
[Result "1/2-1/2"]
[LiveChessVersion "1.4.8"]
[BlackElo "2737"]
[WhiteElo "2624"]

1. e4 {[%clk 0:14:03]} c6 {[%clk 0:15:14]} 2. d4 {[%clk 0:14:05]} d5
{[%clk 0:15:22]} 3. e5 {[%clk 0:14:13]} Bf5 {[%clk 0:15:29]} 4. h4
{[%clk 0:14:22]} h5 {[%clk 0:15:35]} 5. Bd3 {[%clk 0:14:28]} Bxd3
{[%clk 0:15:36]} 6. Qxd3 {[%clk 0:14:37]} e6 {[%clk 0:15:25]} 7. Bg5
{[%clk 0:14:35]} Be7 {[%clk 0:13:06]} 8. Nf3 {[%clk 0:14:37]} Nh6
{[%clk 0:13:15]} 9. Nbd2 {[%clk 0:14:42]} Nf5 {[%clk 0:13:21]} 10. Nf1
{[%clk 0:12:02]} Qa5+ {[%clk 0:09:10]} 11. c3 {[%clk 0:12:09]} Qa6
{[%clk 0:09:19]} 12. Qd2 {[%clk 0:12:18]} Nd7 {[%clk 0:09:23]} 13. Ng3
{[%clk 0:11:59]} Nxg3 {[%clk 0:07:55]} 14. fxg3 {[%clk 0:12:04]} f6
{[%clk 0:08:03]} 15. Bf4 {[%clk 0:11:29]} O-O-O {[%clk 0:08:05]} 16. Qe3
{[%clk 0:10:21]} Rhe8 {[%clk 0:05:49]} 17. Kf2 {[%clk 0:09:32]} fxe5
{[%clk 0:05:56]} 18. Nxe5 {[%clk 0:09:41]} Nxe5 {[%clk 0:06:04]} 19. Bxe5
{[%clk 0:09:03]} Rf8+ {[%clk 0:03:39]} 20. Bf4 {[%clk 0:08:19]} Bd6
{[%clk 0:03:25]} 21. Rhe1 {[%clk 0:08:05]} Bxf4 {[%clk 0:02:16]} 22. gxf4
{[%clk 0:08:14]} Rde8 {[%clk 0:02:24]} 23. g3 {[%clk 0:08:01]} g6
{[%clk 0:02:25]} 24. Kg2 {[%clk 0:08:09]} Rf5 {[%clk 0:01:40]} 25. Qd2
{[%clk 0:08:11]} Qa5 {[%clk 0:01:07]} 26. Re3 {[%clk 0:07:48]} Qc7
{[%clk 0:00:54]} 27. Rae1 {[%clk 0:07:57]} Qd6 {[%clk 0:01:03]} 28. R1e2
{[%clk 0:06:52]} a6 {[%clk 0:00:58]} 29. Qe1 {[%clk 0:07:00]} Rf6
{[%clk 0:01:07]} 30. Re5 {[%clk 0:07:06]} Kb8 {[%clk 0:01:12]} 31. R2e3
{[%clk 0:07:03]} Ka8 {[%clk 0:01:18]} 32. Qe2 {[%clk 0:07:05]} Qd7
{[%clk 0:01:23]} 33. Qd3 {[%clk 0:06:56]} Rf5 {[%clk 0:01:15]} 34. Qe2
{[%clk 0:07:05]} Rxe5 {[%clk 0:01:18]} 35. Rxe5 {[%clk 0:07:13]} Qf7
{[%clk 0:00:56]} 36. Kh2 {[%clk 0:07:22]} Kb8 {[%clk 0:01:04]} 37. b3
{[%clk 0:07:30]} Qd7 {[%clk 0:00:54]} 38. Qd3 {[%clk 0:07:32]} Qf7
{[%clk 0:01:01]} 39. Qe3 {[%clk 0:07:41]} Kc8 {[%clk 0:00:56]} 40. c4
{[%clk 0:07:47]} Kd7 {[%clk 0:01:02]} 41. c5 {[%clk 0:07:30]} Qf6
{[%clk 0:00:48]} 42. b4 {[%clk 0:07:30]} Ke7 {[%clk 0:00:52]} 43. a4
{[%clk 0:07:28]} Kf7 {[%clk 0:00:59]} 44. b5 {[%clk 0:07:28]} axb5
{[%clk 0:01:04]} 45. axb5 {[%clk 0:07:37]} Qd8 {[%clk 0:01:12]} 46. b6
{[%clk 0:06:55]} Qa8 {[%clk 0:01:18]} 47. Qd3 {[%clk 0:06:22]} Qa1
{[%clk 0:00:57]} 48. Re2 {[%clk 0:06:21]} Qf1 {[%clk 0:00:39]} 49. Qe3
{[%clk 0:06:30]} Qb1 {[%clk 0:00:47]} 50. Kg2 {[%clk 0:06:00]} Re7
{[%clk 0:00:37]} 51. Qe5 {[%clk 0:05:43]} Qd3 {[%clk 0:00:17]} 52. Ra2
{[%clk 0:05:39]} Qb3 {[%clk 0:00:23]} 53. Qe2 {[%clk 0:04:27]} Qc3
{[%clk 0:00:24]} 54. Ra4 {[%clk 0:04:36]} Re8 {[%clk 0:00:23]} 55. Qf2
{[%clk 0:03:51]} Qd3 {[%clk 0:00:26]} 56. Kh2 {[%clk 0:04:00]} Qe4
{[%clk 0:00:22]} 57. Qd2 {[%clk 0:04:03]} Qf3 {[%clk 0:00:25]} 58. Ra7
{[%clk 0:03:49]} Re7 {[%clk 0:00:34]} 59. Ra1 {[%clk 0:03:56]} Re8
{[%clk 0:00:35]} 60. Qb2 {[%clk 0:03:51]} Qe3 {[%clk 0:00:39]} 61. Ra3
{[%clk 0:03:58]} Qe1 {[%clk 0:00:35]} 62. Qc2 {[%clk 0:04:07]} Qb4
{[%clk 0:00:26]} 63. Qd3 {[%clk 0:03:56]} Qb2+ {[%clk 0:00:29]} 64. Kg1
{[%clk 0:04:01]} Qc1+ {[%clk 0:00:32]} 65. Kg2 {[%clk 0:04:06]} Qb2+
{[%clk 0:00:39]} 66. Kf3 {[%clk 0:04:14]} Qc1 {[%clk 0:00:44]} 67. Ra7
{[%clk 0:03:37]} Re7 {[%clk 0:00:47]} 68. Qe2 {[%clk 0:03:31]} Qh1+
{[%clk 0:00:40]} 69. Kf2 {[%clk 0:02:41]} Qh2+ {[%clk 0:00:48]} 70. Kf3
{[%clk 0:02:51]} Qh1+ {[%clk 0:00:57]} 71. Kf2 {[%clk 0:02:48]} Qh2+
{[%clk 0:01:03]} 72. Kf3 {[%clk 0:02:57]} Qh1+ {[%clk 0:01:05]} 1/2-1/2

[Event "Rapid 2018"]
[Site "Saint-Petersburg"]
[Date "2018.12.28"]
[Round "14"]
[Board "25"]
[White "Jobava Baadur (GEO)"]
[Black "Yuffa Daniil (RUS)"]
[Result "1-0"]
[LiveChessVersion "1.4.8"]
[BlackElo "2573"]
[WhiteElo "2718"]

1. d4 {[%clk 0:15:17]} Nf6 {[%clk 0:15:18]} 2. c4 {[%clk 0:15:24]} g6
{[%clk 0:15:25]} 3. Nc3 {[%clk 0:15:31]} Bg7 {[%clk 0:15:33]} 4. e4
{[%clk 0:15:36]} d6 {[%clk 0:15:41]} 5. Be2 {[%clk 0:15:40]} O-O {[%clk 0:15:23]}
6. h4 {[%clk 0:15:46]} c5 {[%clk 0:15:24]} 7. d5 {[%clk 0:15:52]} b5
{[%clk 0:15:22]} 8. cxb5 {[%clk 0:15:58]} a6 {[%clk 0:15:31]} 9. bxa6
{[%clk 0:15:45]} Bxa6 {[%clk 0:14:57]} 10. h5 {[%clk 0:15:50]} Bxe2
{[%clk 0:13:53]} 11. Ngxe2 {[%clk 0:15:57]} Nxh5 {[%clk 0:13:23]} 12. f3
{[%clk 0:16:01]} Nd7 {[%clk 0:12:45]} 13. Kf2 {[%clk 0:15:45]} Rb8
{[%clk 0:11:20]} 14. Rb1 {[%clk 0:15:52]} c4 {[%clk 0:10:17]} 15. g4
{[%clk 0:15:49]} Nhf6 {[%clk 0:10:25]} 16. Kg2 {[%clk 0:15:41]} Ne5
{[%clk 0:10:18]} 17. Bh6 {[%clk 0:15:31]} Qd7 {[%clk 0:09:44]} 18. Bxg7
{[%clk 0:15:07]} Kxg7 {[%clk 0:09:53]} 19. Ng3 {[%clk 0:14:51]} h6
{[%clk 0:09:31]} 20. Qd2 {[%clk 0:14:45]} Rh8 {[%clk 0:09:38]} 21. Nce2
{[%clk 0:12:40]} Qa7 {[%clk 0:09:34]} 22. b4 {[%clk 0:11:33]} Nd3
{[%clk 0:09:15]} 23. Rhf1 {[%clk 0:11:40]} Qa3 {[%clk 0:08:56]} 24. b5
{[%clk 0:11:39]} Ra8 {[%clk 0:08:01]} 25. Nc3 {[%clk 0:10:51]} h5
{[%clk 0:08:09]} 26. g5 {[%clk 0:10:52]} Nd7 {[%clk 0:08:14]} 27. Nge2
{[%clk 0:10:57]} N7e5 {[%clk 0:07:10]} 28. Nd4 {[%clk 0:10:19]} Nf4+
{[%clk 0:06:37]} 29. Kh2 {[%clk 0:10:12]} Ned3 {[%clk 0:04:54]} 30. Nc6
{[%clk 0:09:40]} Rhb8 {[%clk 0:03:44]} 31. Nxb8 {[%clk 0:09:25]} Rxb8
{[%clk 0:03:52]} 32. b6 {[%clk 0:08:38]} Rb7 {[%clk 0:03:17]} 33. Rb5
{[%clk 0:07:25]} Qa8 {[%clk 0:03:25]} 34. Rh1 {[%clk 0:06:57]} Qc8
{[%clk 0:02:55]} 35. Kg3 {[%clk 0:07:03]} Qd8 {[%clk 0:02:45]} 36. Rh4
{[%clk 0:06:07]} Rxb6 {[%clk 0:02:20]} 37. Rxf4 {[%clk 0:05:04]} e5
{[%clk 0:01:43]} 38. dxe6 {[%clk 0:04:51]} Rxb5 {[%clk 0:01:37]} 39. Rxf7+
{[%clk 0:04:42]} Kg8 {[%clk 0:01:46]} 40. e7 {[%clk 0:04:43]} 1-0

[Event "Rapid 2018"]
[Site "Saint-Petersburg"]
[Date "2018.12.28"]
[Round "14"]
[Board "26"]
[White "Postny Evgeny (ISR)"]
[Black "Akopian Vladimir (ARM)"]
[Result "1-0"]
[LiveChessVersion "1.4.8"]
[BlackElo "2707"]
[WhiteElo "2599"]

1. d4 {[%clk 0:15:18]} Nf6 {[%clk 0:15:16]} 2. c4 {[%clk 0:15:26]} e6
{[%clk 0:15:23]} 3. Nf3 {[%clk 0:15:35]} c5 {[%clk 0:15:30]} 4. d5 exd5
{[%clk 0:15:35]} 5. cxd5 {[%clk 0:15:52]} d6 {[%clk 0:15:44]} 6. Nc3
{[%clk 0:15:58]} g6 {[%clk 0:15:50]} 7. Bf4 {[%clk 0:16:06]} Bg7 {[%clk 0:15:55]}
8. Qa4+ {[%clk 0:16:15]} Bd7 {[%clk 0:16:02]} 9. Qb3 {[%clk 0:16:23]} Qc7
{[%clk 0:16:11]} 10. e4 {[%clk 0:16:16]} O-O {[%clk 0:15:55]} 11. Be2 a6
{[%clk 0:11:17]} 12. a4 {[%clk 0:16:17]} Bg4 {[%clk 0:11:23]} 13. h3
{[%clk 0:15:50]} Bxf3 {[%clk 0:11:29]} 14. Bxf3 {[%clk 0:15:58]} Nfd7
{[%clk 0:09:40]} 15. O-O {[%clk 0:15:38]} Ne5 {[%clk 0:09:39]} 16. Be2
{[%clk 0:15:44]} Nbd7 {[%clk 0:09:32]} 17. Be3 {[%clk 0:15:16]} c4
{[%clk 0:08:48]} 18. Qa2 {[%clk 0:13:31]} f5 {[%clk 0:08:13]} 19. f4
{[%clk 0:13:20]} Nf7 {[%clk 0:04:13]} 20. exf5 {[%clk 0:13:13]} Rae8
{[%clk 0:03:57]} 21. Bf2 {[%clk 0:12:01]} Nh6 {[%clk 0:03:14]} 22. fxg6
{[%clk 0:11:07]} hxg6 {[%clk 0:03:22]} 23. Qxc4 {[%clk 0:10:20]} Qxc4
{[%clk 0:03:29]} 24. Bxc4 {[%clk 0:10:29]} Rxf4 {[%clk 0:03:35]} 25. Bd3
{[%clk 0:10:06]} Ne5 {[%clk 0:03:32]} 26. Bg3 {[%clk 0:08:10]} Rb4
{[%clk 0:03:02]} 27. Rae1 {[%clk 0:05:04]} Rf8 {[%clk 0:02:50]} 28. Rxf8+
{[%clk 0:04:36]} Kxf8 {[%clk 0:02:59]} 29. Bxg6 {[%clk 0:04:06]} Rxb2
{[%clk 0:02:49]} 30. Bh5 {[%clk 0:03:35]} Kg8 {[%clk 0:02:37]} 31. Rf1
{[%clk 0:03:15]} Nc4 {[%clk 0:02:21]} 32. Nd1 {[%clk 0:02:50]} Ra2
{[%clk 0:02:22]} 33. Bg6 {[%clk 0:02:22]} b5 {[%clk 0:01:55]} 34. axb5
{[%clk 0:02:30]} axb5 {[%clk 0:02:04]} 35. Nf2 {[%clk 0:02:07]} b4
{[%clk 0:00:42]} 36. Rc1 {[%clk 0:02:07]} Be5 {[%clk 0:00:48]} 37. Bh4
{[%clk 0:01:27]} Ne3 {[%clk 0:00:26]} 38. Bg5 {[%clk 0:01:18]} Nhf5
{[%clk 0:00:34]} 39. g4 {[%clk 0:01:06]} Nd4 {[%clk 0:00:13]} 40. Rc8+
{[%clk 0:00:40]} Kg7 {[%clk 0:00:22]} 41. Bxe3 {[%clk 0:00:48]} Nf3+
{[%clk 0:00:15]} 42. Kg2 {[%clk 0:00:46]} Nh4+ {[%clk 0:00:19]} 43. Kf1
{[%clk 0:00:55]} Kxg6 {[%clk 0:00:22]} 44. Rb8 {[%clk 0:00:43]} Ra3
{[%clk 0:00:18]} 45. Ke2 {[%clk 0:00:49]} b3 {[%clk 0:00:23]} 46. Nd3
{[%clk 0:00:51]} Ra2+ {[%clk 0:00:15]} 47. Kd1 {[%clk 0:00:56]} Ra1+
{[%clk 0:00:13]} 48. Bc1 {[%clk 0:00:53]} Bd4 {[%clk 0:00:14]} 49. Rxb3
{[%clk 0:00:58]} Ng2 {[%clk 0:00:21]} 50. Ke2 {[%clk 0:00:59]} Ra2+
{[%clk 0:00:24]} 51. Kf3 {[%clk 0:01:02]} Nh4+ {[%clk 0:00:30]} 52. Ke4
{[%clk 0:01:11]} Bf6 {[%clk 0:00:31]} 53. Nf4+ {[%clk 0:01:16]} Kf7
{[%clk 0:00:39]} 54. Rb7+ {[%clk 0:01:25]} Kg8 {[%clk 0:00:41]} 55. Rb8+
{[%clk 0:01:06]} Kf7 {[%clk 0:00:49]} 56. Rb7+ {[%clk 0:01:15]} Kg8
{[%clk 0:00:58]} 57. Nh5 {[%clk 0:01:01]} Ra4+ {[%clk 0:00:59]} 58. Kd3
{[%clk 0:01:09]} Be5 {[%clk 0:01:05]} 59. g5 {[%clk 0:00:44]} Rd4+
{[%clk 0:00:58]} 60. Ke2 {[%clk 0:00:48]} Rxd5 {[%clk 0:00:46]} 61. Bf4
{[%clk 0:00:49]} Kf8 {[%clk 0:00:15]} 62. Nf6 {[%clk 0:00:24]} Bxf6
{[%clk 0:00:13]} 63. gxf6 {[%clk 0:00:33]} Rf5 {[%clk 0:00:18]} 64. Bxd6+
{[%clk 0:00:26]} Kg8 {[%clk 0:00:26]} 65. Rg7+ {[%clk 0:00:33]} Kh8
{[%clk 0:00:35]} 66. Rg4 {[%clk 0:00:37]} Nf3 {[%clk 0:00:40]} 67. Rf4
{[%clk 0:00:28]} Rxf4 {[%clk 0:00:37]} 68. Bxf4 {[%clk 0:00:37]} Nh4
{[%clk 0:00:21]} 69. Ke3 {[%clk 0:00:32]} Kh7 {[%clk 0:00:21]} 70. Bg5
{[%clk 0:00:35]} Nf5+ {[%clk 0:00:20]} 71. Kf4 {[%clk 0:00:30]} Nd6
{[%clk 0:00:27]} 72. Ke5 {[%clk 0:00:30]} Nf7+ {[%clk 0:00:25]} 73. Kf5
{[%clk 0:00:39]} Kg8 {[%clk 0:00:18]} 74. Bf4 {[%clk 0:00:37]} Nd8
{[%clk 0:00:00]} 1-0